| 000 | 00789nam a2200205 a 4500 | ||
|---|---|---|---|
| 005 | 20140412111256.0 | ||
| 008 | 000823s19uu xx 00 eng d | ||
| 020 | _a0-590-47281-X | ||
| 050 |
_aTR(PS E _bSo5 1992 |
||
| 100 | _aGilman, Phoebe | ||
| 245 |
_aSomething from nothing : _badapted from a Jewish folktale / _cPhoebe Gilma. |
||
| 260 |
_aNew York : _bScholastic Inc, _c1992. |
||
| 300 | _a1 v. (unp.) ; ill. | ||
| 500 | _aYou'll love this wonderful story adapted from a Jewish folktale. | ||
| 520 | _aJosephs loves the beautiful blanket his grandfather made for him. But when it gets old and ragged his mom wants to throw it away. Luckily Grandpa has an idea. . . | ||
| 650 | _aFolktale--Jewish | ||
| 650 | _aBlankets--Fiction | ||
| 650 | _aResourceful | ||
| 999 |
_c103238 _d103238 |
||